Esej o svobodách : Zkoumání moderní civilizace /
Guardado en:
| Autor principal: | |
|---|---|
| Formato: | Libro |
| Lenguaje: | checo |
| Publicado: |
Bratislava :
Archa,
1992
|
| Edición: | 1.vyd. |
| Materias: | |
| Etiquetas: |
Sin Etiquetas, Sea el primero en etiquetar este registro!
|
MARC
| LEADER | 00000nam a22000003a 4500 | ||
|---|---|---|---|
| 001 | stu4529 | ||
| 005 | 20150617225810.4 | ||
| 008 | 930831s1992----cs------------------cze-d | ||
| 020 | |a 80-7115-030-4 | ||
| 040 | |a STU |b slo | ||
| 041 | 0 | |a cze | |
| 044 | |a cs | ||
| 080 | |a 141.5 | ||
| 080 | |a 301.16 |7 stu_us_auth*stu8203 | ||
| 100 | 1 | |a Aron, Raymond |4 aut | |
| 245 | 1 | |a Esej o svobodách : |b Zkoumání moderní civilizace / |c [aut.] Aron,Raymond | |
| 250 | |a 1.vyd. | ||
| 260 | |a Bratislava : |b Archa, |c 1992 | ||
| 300 | |a 216 s | ||
| 650 | 7 | |a filozofia slobody |2 stusub | |
| 650 | 7 | |a spoločenské vzťahy |2 stusub | |
| 650 | 7 | |a sociológia |2 stusub | |
| 996 | |b E78245 |c R*78245 |l RRUM |s A |a 24 |w stu4529_0001 | ||